Normal view
MARC view
- AHMAD YAR KHAN
Entry Personal Name
001 - CONTROL NUMBER
- control field: 108296
003 - CONTROL NUMBER IDENTIFIER
- control field: NUST
005 - DATE AND TIME OF LATEST TRANSACTION
- control field: 20230131152111.0
008 - FIXED-LENGTH DATA ELEMENTS
- fixed length control field: 230131|| aca||aabn | a|a d
040 ## - CATALOGING SOURCE
- Original cataloging agency: NUST
- Transcribing agency: NUST
100 ## - HEADING--PERSONAL NAME
- Personal name: AHMAD YAR KHAN
670 ## - SOURCE DATA FOUND
- Source citation: Work cat.: (NUST): AHMAD YAR KHAN, TH-SOF-0889-IDENTIFICATION AND ASSESSMENT OF KEY FACTORS INVOLVED IN BOILER SELECTION AND, 2014.
